| 000 | 00389nam a2200157Ia 4500 | ||
|---|---|---|---|
| 008 | 160316s1992 xxu||||| |||| 00| 0 eng d | ||
| 082 |
_a0.000000 _b |
||
| 100 | _a | ||
| 245 | _aJoint committee on the constitution (72nd amendment bill, 1991) | ||
| 250 | _a | ||
| 260 |
_aNew Delhi _bLok Sabha Secretariat _c1992 |
||
| 300 |
_a70p _b _c |
||
| 365 | _bRs.16/- | ||
| 650 | _a | ||
| 700 |
_a _a |
||
| 999 |
_c6711 _d6711 |
||